| 000 | 01316nam a2200253 i 4500 | ||
|---|---|---|---|
| 001 | 152195 | ||
| 003 | ES-MaACL | ||
| 005 | 20250808083604.0 | ||
| 008 | 931025s1798 sp a |||| | spa d | ||
| 040 | _aAN | ||
| 100 | 1 |
_aBlanco, Pedro Luis. _929199 |
|
| 245 | 1 | 0 |
_aNoticia de las antiguas y genuinas colecciones canónicas inéditas de la Iglesia española ... se publicarán por su Real Biblioteca de Madrid ... / _cdispuesta por su bibliotecario mayor Pedro Luis Blanco. |
| 260 |
_aMadrid : _bEn la Imprenta Real por Pedro Pereyra, _c1798. |
||
| 300 |
_aXLI, [3], 168 p. : _bil. ; _c8º. |
||
| 530 | _aDisponible en formato digital. | ||
| 597 | 1 | _aSign.: [ ]10, *8, 2*4, A-K8, L4. | |
| 597 | 1 | _aError de pag.: la p. XXXVII - XXVIII detrás de la p. 162 y la p. XXXIX - XLI detrás de p. 166. | |
| 597 | 1 | _aEn cabecera de cada lib. grab. en cobre. | |
| 599 | 1 | _aLa p. XVII-XX es lám. de grab. calc.: muestra de la letra del Códice Vigiliano y de sus pinturas. | |
| 650 | 7 |
_aDerecho canónico- _zEspaña _2 _9157976 |
|
| 852 |
_aES-MaACL _jR-957 _z-- Enc. hol. _q-- Falto de las pag. XVII-XX _z-- Este ejemplar no tiene errores en la enc. de las pag. _x-- Olim: G-9832 |
||
| 856 |
_uhttp://bdh-rd.bne.es/viewer.vm?id=0000111046&page=1 _zBiblioteca Digital Hispánica |
||
| 999 |
_c152195 _d152195 |
||